| 000 | 00899nam a2200289 a 4500 | ||
|---|---|---|---|
| 001 | 55346 | ||
| 003 | BD-RjUL | ||
| 005 | 20211209080242.0 | ||
| 008 | 161116s1983 enka 001 0 eng | ||
| 020 | _a0316820059 (pbk.) | ||
| 035 | _a(BD-RjUL)55468 | ||
| 040 |
_aDLC _cDLC _dBD-RjUL _beng |
||
| 041 | _aeng | ||
| 082 | 0 | 0 |
_a808.042 _223 _bLIT 1983 |
| 245 | 0 | 4 |
_aThe Little, Brown reader / _cedited by Marcia Stubbs and Sylvan Barnet. |
| 250 | _a3rd ed. | ||
| 260 |
_aBoston : _bLittle, Brown, _cc1983. |
||
| 300 |
_axxxi, 664 p. : _bill. ; _c21 cm. |
||
| 500 | _aIncludes index. | ||
| 650 | 0 |
_aCollege readers. _9117274 |
|
| 650 | 0 |
_aEnglish language _xRhetoric _xProblems, exercises, etc. _9133876 |
|
| 650 | 0 |
_aReport writing _xProblems, exercises, etc. _9133879 |
|
| 700 | 1 |
_aStubbs, Marcia. _9164878 |
|
| 700 | 1 |
_aBarnet, Sylvan. _9164879 |
|
| 942 |
_2ddc _cBK |
||
| 999 |
_c55346 _d55346 |
||